<?xml version="1.0" encoding="UTF-8"?><collection xmlns="info:lc/xmlns/marcxchange-v2"><record format="Unimarc" type="bibliographic"><leader>00641nam  2200193   450 </leader><controlfield tag="001">2189106</controlfield><controlfield tag="003">http://id.bnportugal.gov.pt/bib/porbase/2189106</controlfield><datafield ind1=" " ind2=" " tag="010"><subfield code="a">0-393-32396-X</subfield><subfield code="b">brochado</subfield><subfield code="d">compra</subfield></datafield><datafield ind1=" " ind2=" " tag="035"><subfield code="a">UNLCSH_BC_150.iso/06-07-2009/57235</subfield></datafield><datafield ind1=" " ind2=" " tag="035"><subfield code="a">UNLCSH20070423150633</subfield></datafield><datafield ind1=" " ind2=" " tag="100"><subfield code="a">20070423d2003    k  y0porb0103    ba</subfield></datafield><datafield ind1="0" ind2=" " tag="101"><subfield code="a">eng</subfield></datafield><datafield ind1=" " ind2=" " tag="102"><subfield code="a">US</subfield></datafield><datafield ind1="1" ind2=" " tag="200"><subfield code="a">&lt;The &gt;tragedy of great power politics</subfield><subfield code="f">John J. Mearsheimer</subfield></datafield><datafield ind1=" " ind2=" " tag="210"><subfield code="a">New York</subfield><subfield code="c">W. W. Norton</subfield><subfield code="d">2003</subfield></datafield><datafield ind1=" " ind2=" " tag="215"><subfield code="a">XVI, 555 p.</subfield><subfield code="c">il., tabelas e mapas</subfield><subfield code="d">23 cm</subfield></datafield><datafield ind1=" " ind2=" " tag="300"><subfield code="a">Contém notas e índice</subfield></datafield><datafield ind1=" " ind2=" " tag="675"><subfield code="a">32(100)"18/19"</subfield><subfield code="v">BN</subfield><subfield code="z">por</subfield></datafield><datafield ind1=" " ind2="1" tag="700"><subfield code="a">Mearsheimer</subfield><subfield code="b">John J.</subfield></datafield><datafield ind1=" " ind2="0" tag="801"><subfield code="a">PT</subfield><subfield code="b">UNLCSH</subfield><subfield code="g">RPC</subfield></datafield></record></collection>